01307nam a22003377a 4500003000500000005001700005008004100022010001000063011001000073035001000083040000900093090001000102100003800112245017400150260003900324300001000363502009500373590003700468590004100505590004100546590004100587590004200628650003200670650003900702650003000741901000700771942001000778949003600788999001700824952012800841CHAP20220329140122.0971013s1972 r 00010 d a47252 a48224 a52369 cCHAP aTesis00aValle Aguilar, Guillermo.9117572 aEstudio preliminar de los efectos de la harina de gobernadora (Larrea tridentata Cov.) en la dieta de aves ponedoras en comparación con la alfalfa (Medicago sativa L.) aMonterrey, N.L. :bEl autor,c1972 a61 h. aTesis (Ing. Agrónomo Zootecnista) -- ITESM. Div. de Ciencias Agropecuarias y Marítimas aALEPHb10c20130110lUCH01h1317 aBATCH-UPDb10c20130110lUCH01h1310 aBATCH-UPDb10c20130410lUCH01h0824 aBATCH-UPDb10c20130914lUCH01h0251 aCONVERSIONb10c20130109lUCH01h132614aAlfalfa como forraje.9389914aAves de corralxNutrición.9867214aLarrea tridentata.964959 aBK cTESIS bBCcTESd-116628eTS1i52369si c47252d47252 00102local4051708TESISaBCbBCcPA_TESISd2012-12-17fTESISl0oTesisp-116628r2019-12-31 00:00:00w2019-12-31yTESIS